| 000 | 01002nas a2200313 4500 | ||
|---|---|---|---|
| 001 | BR0707005 | ||
| 003 | BR-BrBNA | ||
| 005 | 20231205111330.0 | ||
| 007 | ta | ||
| 008 | 230509b bl.|||p| |||| 00| 00por d | ||
| 040 |
_aBR-BrBNA _bpor _cBiblioteca Nacional de Agricultura |
||
| 041 | _a(Pt) | ||
| 072 | _aL02; L70 | ||
| 100 | 1 | _aAlberton, L.R. | |
| 100 | 1 | _aVandenberghe, L.P.S. | |
| 100 | 1 | _aAssman, R. | |
| 100 | 1 | _aMünchen, L. | |
| 100 | 1 | _aCiffoni, E.M.G. | |
| 100 | 1 | _aPachaly, J.R. | |
| 100 | 1 | _aSoccol, C.R. | |
| 245 | 1 | _aEfeito do extrato bruto enzimático de Streptpmyces viridosporus T7A sobre a digestibilidade de matéria seca in vitro para ruminantes | |
| 650 | _aRUMINANTE | ||
| 650 | _aDIGESTIBILIDADE | ||
| 650 | _aMATÉRIA SECA | ||
| 650 | _aENZIMA | ||
| 773 | 0 |
_tArquivos de Ciências Veterinárias e Zoologia da UNIPAR (Brazil) _xISSN 1415-8167 _g(Jan-Jun 2006), v. 9(1) p. 29-36 _wBR0707005 |
|
| 909 |
_a202311 _bLúcia _c55 _dLúcia Elande |
||
| 942 |
_2AGRIS _n0 _cANA |
||
| 999 |
_c192093 _d192093 |
||